[Event "Zadar op-A 26th"]
[Site "Zadar"]
[Date "2019.12.20"]
[Round "7"]
[White "Doshi, Moksh Amitbhai"]
[Black "Ascic, Pero"]
[Result "1-0"]
[WhiteElo "2399"]
[BlackElo "2310"]
[PlyCount "47"]
[EventDate "2019.12.15"]
[EventType "swiss"]
[EventRounds "9"]
[EventCountry "CRO"]
[SourceTitle "CBM 193 Extra"]
[Source "ChessBase"]
[SourceDate "2020.01.31"]
[SourceVersion "1"]
[SourceVersionDate "2020.01.31"]
[SourceQuality "1"]

1. d4 Nf6 2. c4 g6 3. Nc3 Bg7 4. e4 d6 5. h3 c6 6. Be3 Nbd7 7. g4 e5 8. d5 cxd5 9. cxd5 0-0 10. Nge2 b5 11. Ng3 b4 12. Nb5 Nc5 13. Qc2 Nfxe4 14. Nxe4 Nxe4 15. Qxe4 f5 16. Qxb4 f4 17. Bd2 e4 18. Bc3 e3 19. 0-0-0 Bxc3 20. Nxc3 exf2 21. Rh2 a5 22. Qd4 Bd7 23. Rxf2 f3 24. Rd3 1-0

[Event "Zadar op-A 26th"]
[Site "Zadar"]
[Date "2019.12.19"]
[Round "6"]
[White "Ascic, Pero"]
[Black "Sai Agni, Jeevitesh J"]
[Result "1/2-1/2"]
[WhiteElo "2310"]
[BlackElo "2301"]
[PlyCount "75"]
[EventDate "2019.12.15"]
[EventType "swiss"]
[EventRounds "9"]
[EventCountry "CRO"]
[SourceTitle "CBM 193 Extra"]
[Source "ChessBase"]
[SourceDate "2020.01.31"]
[SourceVersion "1"]
[SourceVersionDate "2020.01.31"]
[SourceQuality "1"]

1. e4 d6 2. d4 Nf6 3. Nc3 Nbd7 4. Nf3 e5 5. Bc4 Be7 6. 0-0 0-0 7. h3 c6 8. a4 Qc7 9. Ba2 h6 10. Re1 Re8 11. Be3 Nf8 12. Qd2 Be6 13. Bxe6 Nxe6 14. d5 cxd5 15. Nxd5 Qc6 16. Nxf6+ Bxf6 17. Qd3 Bg5 18. Nxg5 hxg5 19. c3 Nf4 20. Bxf4 gxf4 21. Red1 Re6 22. Rd2 Rg6 23. f3 Rc8 24. Qb5 Kf8 25. Rd5 Ke7 26. Rad1 a6 27. Qb4 Re6 28. a5 b5 29. axb6 Rb8 30. Kh2 Rxb6 31. Qa3 Qc4 32. b4 Qe2 33. R5d2 Qe3 34. Rd3 Qf2 35. R3d2 Qg3+ 36. Kh1 Rc6 37. c4 Rxc4 38. Qxa6 1/2-1/2

[Event "Zadar op-A 26th"]
[Site "Zadar"]
[Date "2019.12.16"]
[Round "2"]
[White "Ascic, Pero"]
[Black "Sahil, Tickoo"]
[Result "1/2-1/2"]
[WhiteElo "2310"]
[BlackElo "2259"]
[PlyCount "65"]
[EventDate "2019.12.15"]
[EventType "swiss"]
[EventRounds "9"]
[EventCountry "CRO"]
[SourceTitle "CBM 193 Extra"]
[Source "ChessBase"]
[SourceDate "2020.01.31"]
[SourceVersion "1"]
[SourceVersionDate "2020.01.31"]
[SourceQuality "1"]

1. e4 c5 2. Nf3 d6 3. Bb5+ Bd7 4. Bxd7+ Nxd7 5. b3 Ngf6 6. Qe2 g6 7. Bb2 Bg7 8. 0-0 0-0 9. d3 Rc8 10. Nbd2 Nb8 11. a4 Nc6 12. Nc4 d5 13. exd5 Nxd5 14. Bxg7 Kxg7 15. Rfe1 e6 16. Nce5 Nxe5 17. Qxe5+ Qf6 18. Kf1 Rfd8 19. g3 Qxe5 20. Nxe5 f6 21. Nc4 e5 22. Ke2 Rc7 23. Kd2 Kf7 24. c3 Rcd7 25. Kc2 h5 26. h4 Nb6 27. Nb2 Nc8 28. a5 Nd6 29. Re2 Nf5 30. Re4 Nh6 31. Re2 Nf5 32. Re4 Nd6 33. Re2 1/2-1/2

[Event "Zadar op-A 26th"]
[Site "Zadar"]
[Date "2019.12.16"]
[Round "3"]
[White "Vidic, Teja"]
[Black "Ascic, Pero"]
[Result "1-0"]
[WhiteElo "2221"]
[BlackElo "2310"]
[PlyCount "157"]
[EventDate "2019.12.15"]
[EventType "swiss"]
[EventRounds "9"]
[EventCountry "CRO"]
[SourceTitle "CBM 193 Extra"]
[Source "ChessBase"]
[SourceDate "2020.01.31"]
[SourceVersion "1"]
[SourceVersionDate "2020.01.31"]
[SourceQuality "1"]

1. e4 e5 2. Nf3 Nc6 3. Bb5 a6 4. Ba4 Nf6 5. 0-0 Be7 6. Re1 b5 7. Bb3 0-0 8. c3 d6 9. h3 Na5 10. Bc2 c5 11. d4 Qc7 12. d5 Nc4 13. b3 Nb6 14. a4 bxa4 15. bxa4 a5 16. Na3 Bd7 17. Rb1 Rfb8 18. Nb5 Bxb5 19. Rxb5 Nc8 20. c4 Rxb5 21. axb5 Nd7 22. Re3 Ndb6 23. Qe2 Ra7 24. Ra3 Qb8 25. Nh2 Nd7 26. Ng4 Nf6 27. f4 Nxg4 28. Qxg4 Bf6 29. f5 Nb6 30. Qe2 Qd8 31. g3 Bg5 32. Bb2 a4 33. h4 Be7 34. Bd3 Ra8 35. Bc1 Ra7 36. Qg4 Kh8 37. Bd2 Ra8 38. Be2 Ra7 39. Be1 Ra8 40. Qh3 Qd7 41. Kh2 Qd8 42. g4 f6 43. Bd2 Ra7 44. Qg2 Ra8 45. Kg1 Ra7 46. Kf1 Ra8 47. Ke1 Ra7 48. Kd1 Ra8 49. Kc1 Ra7 50. Kb1 Ra8 51. Ka1 Ra7 52. g5 Ra8 53. Qg4 Nd7 54. Qh5 Qg8 55. g6 Nb6 56. Ka2 Ra7 57. gxh7 Qxh7 58. Qe8+ Qg8 59. Qh5+ Qh7 60. Qe8+ Qg8 61. Qg6 Qh7 62. Qg4 Bf8 63. Qg2 Kg8 64. h5 Kf7 65. Rh3 Ke8 66. Qg4 Nc8 67. Qh4 Be7 68. Rg3 Nb6 69. Ka3 Ra8 70. Rg6 Kd7 71. Qg4 Bf8 72. h6 gxh6 73. Rxf6 Kc7 74. Qh5 Nd7 75. Rf7 Qh8 76. f6 Kd8 77. Qf5 Ra7 78. Bg4 Nb6 79. Rxa7 1-0

[Event "CRO-chT1A 28th"]
[Site "Mali Losinj"]
[Date "2019.10.04"]
[Round "7.24"]
[White "Ascic, Pero"]
[Black "Rogic, Davor"]
[Result "0-1"]
[WhiteElo "2318"]
[BlackElo "2492"]
[PlyCount "80"]
[EventDate "2019.09.28"]
[EventType "team-tourn"]
[EventRounds "9"]
[EventCountry "CRO"]
[SourceTitle "EXT 2020"]
[Source "ChessBase"]
[SourceDate "2019.10.17"]
[SourceVersion "1"]
[SourceVersionDate "2019.10.17"]
[SourceQuality "1"]
[WhiteTeam "Dakovo Limont"]
[BlackTeam "Solin Cemex"]
[WhiteTeamCountry "CRO"]
[BlackTeamCountry "CRO"]

1. e4 e5 2. Nf3 Nc6 3. Bb5 a6 4. Ba4 Nge7 5. 0-0 g6 6. c3 b5 7. Bb3 Bg7 8. a4 Bb7 9. Qe2 0-0 10. Re1 b4 11. a5 h6 12. Rd1 d5 13. d3 Kh7 14. Nbd2 Rb8 15. c4 dxe4 16. dxe4 Qd6 17. Nf1 Nd4 18. Nxd4 exd4 19. Bc2 Qc5 20. Bd3 Nc6 21. Bf4 Rbc8 22. Qc2 Nxa5 23. Nd2 Rfe8 24. Bg3 Re6 25. f3 h5 26. Qa4 Nc6 27. Nb3 Qg5 28. Re1 h4 29. Bf2 Ne5 30. Be2 c5 31. Nc1 f5 32. Nd3 Nxf3+ 33. Bxf3 fxe4 34. Be2 exd3 35. Bf1 Rcc6 36. Rxe6 Rxe6 37. Qd7 Re7 38. Qh3 d2 39. Rd1 Bh6 40. Qxh4 Qxh4 0-1

[Event "CRO-chT1A 28th"]
[Site "Mali Losinj"]
[Date "2019.10.03"]
[Round "6.53"]
[White "Ascic, Pero"]
[Black "Popov, Ivan1111"]
[Result "0-1"]
[WhiteElo "2318"]
[BlackElo "2604"]
[PlyCount "113"]
[EventDate "2019.09.28"]
[EventType "team-tourn"]
[EventRounds "9"]
[EventCountry "CRO"]
[SourceTitle "EXT 2020"]
[Source "ChessBase"]
[SourceDate "2019.10.17"]
[SourceVersion "1"]
[SourceVersionDate "2019.10.17"]
[SourceQuality "1"]
[WhiteTeam "Dakovo Limont"]
[BlackTeam "Rijeka Rijeka"]
[WhiteTeamCountry "CRO"]
[BlackTeamCountry "CRO"]

1. e4 d5 2. exd5 Qxd5 3. Nc3 Qa5 4. d4 Nf6 5. Bc4 c6 6. Nge2 Bf5 7. Ng3 Bg6 8. 0-0 e6 9. Nce2 Nbd7 10. c3 Bd6 11. Bf4 Be7 12. Re1 0-0 13. Bd3 c5 14. Bxg6 hxg6 15. dxc5 Qxc5 16. Be3 Qc7 17. Nd4 a6 18. Qe2 Nc5 19. Nf3 Nd5 20. Red1 Nxe3 21. Qxe3 Na4 22. Qe2 Rfd8 23. Qc2 b5 24. Ne4 Qf4 25. b3 Nb6 26. Qe2 Qc7 27. g3 Rd5 28. Rac1 Rad8 29. h4 Bf6 30. Nxf6+ gxf6 31. Rxd5 Rxd5 32. c4 bxc4 33. bxc4 Rc5 34. Nd2 Kg7 35. Qd3 Nd7 36. Nf3 Rc6 37. Qe2 Rd6 38. Qe3 Nc5 39. Nd4 e5 40. Nb3 Ne6 41. c5 Rd5 42. Qc3 Qc6 43. Qb4 Rd3 44. Qc4 Rd8 45. Qe2 Rb8 46. Rd1 a5 47. Rd6 Qc7 48. Qc4 Rc8 49. Ra6 Nxc5 50. Rxa5 Ne6 51. Qxc7 Rxc7 52. Rd5 Rc2 53. Rd2 Rc4 54. Kf1 f5 55. a3 f4 56. Kg2 f3+ 57. Kf1 0-1

[Event "CRO-chT1A 28th"]
[Site "Mali Losinj"]
[Date "2019.10.01"]
[Round "4.54"]
[White "Ascic, Pero"]
[Black "Zovko, Mario"]
[Result "1/2-1/2"]
[WhiteElo "2318"]
[BlackElo "2324"]
[PlyCount "46"]
[EventDate "2019.09.28"]
[EventType "team-tourn"]
[EventRounds "9"]
[EventCountry "CRO"]
[SourceTitle "EXT 2020"]
[Source "ChessBase"]
[SourceDate "2019.10.17"]
[SourceVersion "1"]
[SourceVersionDate "2019.10.17"]
[SourceQuality "1"]
[WhiteTeam "Dakovo Limont"]
[BlackTeam "Vukovar"]
[WhiteTeamCountry "CRO"]
[BlackTeamCountry "CRO"]

1. e4 d5 2. exd5 Qxd5 3. Nc3 Qa5 4. d4 Nf6 5. Bc4 c6 6. Nf3 Bf5 7. Ne5 e6 8. 0-0 Nbd7 9. Re1 Nxe5 10. dxe5 Nd5 11. Bd2 Nxc3 12. Bxc3 Bb4 13. Bxb4 Qxb4 14. Bb3 Rd8 15. Qf3 0-0 16. c3 Qb6 17. Rad1 Rxd1 18. Rxd1 Rd8 19. Rxd8+ Qxd8 20. Qe3 b6 21. Qd4 Qxd4 22. cxd4 Be4 23. f3 Bd5 1/2-1/2

[Event "CRO Cup"]
[Site "Mali Losinj"]
[Date "2019.05.16"]
[Round "3.32"]
[White "Ascic, Pero"]
[Black "Zufic, Miroslav"]
[Result "1/2-1/2"]
[WhiteElo "2324"]
[BlackElo "2388"]
[PlyCount "57"]
[EventDate "2019.05.15"]
[EventType "team-swiss"]
[EventRounds "6"]
[EventCountry "CRO"]
[SourceTitle "CBM 190 Extra"]
[Source "ChessBase"]
[SourceDate "2019.07.15"]
[SourceVersion "1"]
[SourceVersionDate "2019.07.15"]
[SourceQuality "1"]
[WhiteTeam "Dakovo"]
[BlackTeam "Pula"]
[WhiteTeamCountry "CRO"]
[BlackTeamCountry "CRO"]

1. e4 c5 2. Nf3 d6 3. Bb5+ Nd7 4. 0-0 Ngf6 5. Re1 a6 6. Bf1 b6 7. b3 Bb7 8. d3 g6 9. Bb2 Bg7 10. c4 0-0 11. g3 e5 12. Nc3 Ne8 13. Nd5 Nc7 14. Nxc7 Qxc7 15. Nh4 Rae8 16. Bh3 Nb8 17. Qe2 Qd8 18. Bc3 Nc6 19. Ng2 f5 20. exf5 gxf5 21. Qh5 Qf6 22. Ne3 Qg6 23. Qxg6 hxg6 24. Bg2 b5 25. Nd5 Rf7 26. Rac1 b4 27. Bb2 Rb8 28. Rc2 Ne7 29. f4 1/2-1/2

[Event "Bosnjaci op 23rd"]
[Site "Bosnjaci"]
[Date "2018.01.06"]
[Round "5"]
[White "Ascic, Pero"]
[Black "Cabarkapa, Novak"]
[Result "0-1"]
[WhiteElo "2323"]
[BlackElo "2441"]
[PlyCount "96"]
[EventDate "2018.01.03"]
[EventType "swiss"]
[EventRounds "9"]
[EventCountry "CRO"]
[SourceTitle "CBM 182 Extra"]
[Source "ChessBase"]
[SourceDate "2018.02.23"]
[SourceVersion "1"]
[SourceVersionDate "2018.02.23"]
[SourceQuality "1"]

1. e4 d5 2. exd5 Qxd5 3. Nc3 Qd6 4. d4 Nf6 5. Nf3 c6 6. Be2 Bf5 7. 0-0 h6 8. h3 e6 9. Bd3 Bxd3 10. Qxd3 Nbd7 11. Ne4 Nxe4 12. Qxe4 Qd5 13. Re1 Bd6 14. c3 Nf6 15. Qxd5 cxd5 16. Re2 Nd7 17. Ne1 g5 18. Nd3 Nf6 19. Bd2 Rc8 20. Ne5 Ne4 21. Nd3 Kd7 22. Be1 Ke7 23. g3 h5 24. Kg2 g4 25. h4 f6 26. Bd2 e5 27. Be3 Rc6 28. Rd1 Ke6 29. Rf1 b5 30. Ra1 Rh7 31. a3 Rb7 32. Nb4 Rc4 33. dxe5 fxe5 34. Nd3 a5 35. Ne1 b4 36. axb4 axb4 37. cxb4 Rcxb4 38. Ra2 d4 39. Bh6 Nc5 40. Nc2 d3 41. Nxb4 dxe2 42. Nc2 Nd3 43. Bd2 Rc7 44. Ne3 e1Q 45. Bxe1 Nxe1+ 46. Kf1 Nd3 47. Ra8 Rf7 48. Nd1 Nxf2 0-1

[Event "Bosnjaci op 23rd"]
[Site "Bosnjaci"]
[Date "2018.01.05"]
[Round "4"]
[White "Zaja, Ivan"]
[Black "Ascic, Pero"]
[Result "1/2-1/2"]
[WhiteElo "2454"]
[BlackElo "2323"]
[PlyCount "75"]
[EventDate "2018.01.03"]
[EventType "swiss"]
[EventRounds "9"]
[EventCountry "CRO"]
[SourceTitle "CBM 182 Extra"]
[Source "ChessBase"]
[SourceDate "2018.02.23"]
[SourceVersion "1"]
[SourceVersionDate "2018.02.23"]
[SourceQuality "1"]

1. d4 Nf6 2. c4 d6 3. Nc3 Nbd7 4. g3 c6 5. Bg2 e5 6. Nf3 Be7 7. 0-0 0-0 8. e4 Re8 9. b3 Qc7 10. Bb2 a6 11. Rc1 Bf8 12. Qd2 b6 13. h3 Qb8 14. d5 cxd5 15. cxd5 b5 16. Ne1 b4 17. Na4 a5 18. Nd3 Ba6 19. Rfe1 Bb5 20. f4 Qa7+ 21. Kh2 Qa6 22. fxe5 dxe5 23. Nac5 Qb6 24. Na4 Qa6 25. Ndc5 Qa7 26. Nd3 Bd6 27. Ba1 Rac8 28. Nab2 Qa6 29. Nf2 h5 30. Rxc8 Rxc8 31. Rc1 Kf8 32. Bf3 Rxc1 33. Qxc1 Bc5 34. Nbd1 Be2 35. Kg2 Bf1+ 36. Kh2 Be2 37. Kg2 Bf1+ 38. Kh2 1/2-1/2

[Event "Bosnjaci op 22nd"]
[Site "Bosnjaci"]
[Date "2017.01.08"]
[Round "8"]
[White "Ascic, Pero"]
[Black "Tomulic, Teo"]
[Result "1-0"]
[WhiteElo "2310"]
[BlackElo "2209"]
[PlyCount "83"]
[EventDate "2017.01.03"]
[EventType "swiss"]
[EventRounds "9"]
[EventCountry "CRO"]
[SourceTitle "CBM 176 Extra"]
[Source "ChessBase"]
[SourceDate "2017.03.02"]
[SourceVersion "1"]
[SourceVersionDate "2017.03.02"]
[SourceQuality "1"]

1. e4 c5 2. Nc3 e6 3. Nge2 a6 4. a4 Nc6 5. g3 Nf6 6. Bg2 g6 7. d4 cxd4 8. Nxd4 Qc7 9. 0-0 Bg7 10. Bf4 e5 11. Nd5 Nxd5 12. exd5 Na7 13. Bd2 exd4 14. Re1+ Kd8 15. Qe2 Qc5 16. b4 Qf8 17. b5 b6 18. d6 Rb8 19. Qc4 Nc6 20. bxc6 dxc6 21. Qxc6 Rb7 22. d7 Rxd7 23. Qxb6+ Rc7 24. Bf4 Qc5 25. Bxc7+ Qxc7 26. Qb3 Be6 27. Bd5 Bd7 28. Rab1 f5 29. Qb8+ Qxb8 30. Rxb8+ Kc7 31. Rxh8 Bxh8 32. Re7 Kd6 33. Rxh7 Bxa4 34. Bb3 Bxb3 35. cxb3 Bf6 36. Ra7 d3 37. Rxa6+ Kc5 38. Kf1 Bc3 39. Rxg6 Kb4 40. Rd6 d2 41. Ke2 Kxb3 42. Rxd2 1-0

[Event "CRO-chT1B 25th"]
[Site "Sibenik"]
[Date "2016.10.12"]
[Round "5.4"]
[White "Vlaic, Branko"]
[Black "Ascic, Pero"]
[Result "0-1"]
[WhiteElo "2205"]
[BlackElo "2308"]
[PlyCount "96"]
[EventDate "2016.10.08"]
[EventType "team-tourn"]
[EventRounds "9"]
[EventCountry "CRO"]
[SourceTitle "EXT 2017"]
[Source "ChessBase"]
[SourceDate "2016.10.25"]
[SourceVersion "1"]
[SourceVersionDate "2016.10.25"]
[SourceQuality "1"]
[WhiteTeam "Sibenik"]
[BlackTeam "Pozega"]
[WhiteTeamCountry "CRO"]
[BlackTeamCountry "CRO"]

1. f4 d5 2. Nf3 g6 3. g3 Bg7 4. Bg2 Nh6 5. d3 0-0 6. c3 c6 7. Na3 Nd7 8. e4 dxe4 9. dxe4 Nc5 10. Nd4 e5 11. fxe5 Ng4 12. 0-0 Nxe5 13. b4 Ncd3 14. Be3 a5 15. b5 Qe7 16. Nc4 Bg4 17. Qb1 c5 18. Nxe5 Nxe5 19. Nb3 b6 20. Qc2 Qe6 21. Rab1 a4 22. Nd2 Be2 23. Rbe1 Bxb5 24. c4 Nxc4 25. Nxc4 Bxc4 26. Rf2 a3 27. e5 Bd5 28. Bf1 Qc6 29. Bf4 b5 30. Rd2 c4 31. h4 b4 32. Rxd5 Qxd5 33. Bxc4 Qd4+ 34. Kh1 Rac8 35. Re4 Rxc4 36. Qxc4 Qxc4 37. Rxc4 b3 38. axb3 Ra8 39. Rc1 a2 40. Ra1 h6 41. b4 g5 42. hxg5 hxg5 43. b5 gxf4 44. gxf4 Bh6 45. b6 Bxf4 46. b7 Rb8 47. Rxa2 Rxb7 48. Re2 Re7 0-1

[Event "CRO-chT1A 24th"]
[Site "Bol"]
[Date "2015.10.10"]
[Round "8.45"]
[White "Vujakovic, Branko"]
[Black "Ascic, Pero"]
[Result "1-0"]
[WhiteElo "2353"]
[BlackElo "2311"]
[PlyCount "63"]
[EventDate "2015.10.03"]
[EventType "team-tourn"]
[EventRounds "9"]
[EventCountry "CRO"]
[SourceTitle "CBM 168 Extra"]
[Source "ChessBase"]
[SourceDate "2015.10.29"]
[SourceVersion "1"]
[SourceVersionDate "2015.10.29"]
[SourceQuality "1"]
[WhiteTeam "Zagreb Mladost"]
[BlackTeam "Pozega"]
[WhiteTeamCountry "CRO"]
[BlackTeamCountry "CRO"]

1. e4 c5 2. Nf3 d6 3. d4 cxd4 4. Nxd4 Nf6 5. Nc3 g6 6. Be3 Bg7 7. f3 Nc6 8. Qd2 Bd7 9. 0-0-0 a6 10. g4 Nxd4 11. Bxd4 Bc6 12. h4 h6 13. Rh2 Qa5 14. Bc4 e6 15. Qe3 0-0 16. g5 Nh5 17. Bxg7 Kxg7 18. Rxd6 hxg5 19. hxg5 Qe5 20. Rhd2 Kg8 21. Ne2 Rac8 22. R6d4 Qc5 23. Bb3 Bb5 24. e5 Kg7 25. Nf4 Ng3 26. Qe1 Nf5 27. Re4 Rfe8 28. Ng2 Bc6 29. Rc4 Qe7 30. f4 Rh8 31. Ne3 Ng3 32. Qxg3 1-0

[Event "CRO-chT1A 24th"]
[Site "Bol"]
[Date "2015.10.08"]
[Round "6.35"]
[White "Bontempi, Piero"]
[Black "Ascic, Pero"]
[Result "1-0"]
[WhiteElo "2362"]
[BlackElo "2311"]
[PlyCount "139"]
[EventDate "2015.10.03"]
[EventType "team-tourn"]
[EventRounds "9"]
[EventCountry "CRO"]
[SourceTitle "CBM 168 Extra"]
[Source "ChessBase"]
[SourceDate "2015.10.29"]
[SourceVersion "1"]
[SourceVersionDate "2015.10.29"]
[SourceQuality "1"]
[WhiteTeam "Zagreb Zagreb"]
[BlackTeam "Pozega"]
[WhiteTeamCountry "CRO"]
[BlackTeamCountry "CRO"]

1. e4 e6 2. d4 d5 3. Nc3 dxe4 4. Nxe4 Nd7 5. Nf3 Ngf6 6. Nxf6+ gxf6 7. g3 Bg7 8. Bg2 0-0 9. 0-0 Nb6 10. Qe2 Nd5 11. c4 Ne7 12. Bd2 Re8 13. b4 c6 14. Rfd1 b5 15. cxb5 cxb5 16. Qxb5 a6 17. Qh5 Rb8 18. Rac1 Bb7 19. a3 Bd5 20. Bf4 Rb7 21. Bf1 Qb6 22. Rc5 Ng6 23. Be3 Bf8 24. Ra5 Ra7 25. Rxd5 exd5 26. Qxd5 a5 27. Rb1 axb4 28. axb4 Rd8 29. Qb3 Rb7 30. b5 Qd6 31. Bc4 Qd7 32. Ne1 f5 33. f4 Bg7 34. Nf3 h6 35. Ne5 Bxe5 36. fxe5 Kh7 37. Rf1 Rdb8 38. Qb1 Ne7 39. Qa2 Ng6 40. Qf2 Ne7 41. Qf4 Rb6 42. d5 Nxd5 43. Bxd5 Qxd5 44. Bxb6 Rxb6 45. Qxf5+ Kg7 46. Qg4+ Kh8 47. Qb4 Kg7 48. Qg4+ Kf8 49. Qf4 Kg7 50. Qg4+ Rg6 51. Qf3 Qc4 52. Qf2 Qb3 53. Qf5 Qc4 54. Qf4 Qb3 55. Rf3 Qd1+ 56. Kg2 Qd7 57. Rb3 Rb6 58. Qc4 Rg6 59. Qf4 Qb7+ 60. Rf3 h5 61. Kh3 Rh6 62. Qg5+ Rg6 63. Qf5 Qd5 64. Qf4 Qd7+ 65. Qf5 Qb7 66. Rf2 Rh6 67. Rd2 Re6 68. Rd6 Qxb5 69. Rxe6 fxe6 70. Qxe6 1-0

[Event "CRO-chT1A 24th"]
[Site "Bol"]
[Date "2015.10.07"]
[Round "5.45"]
[White "Ascic, Pero"]
[Black "Medak, Bojan"]
[Result "1/2-1/2"]
[WhiteElo "2311"]
[BlackElo "2400"]
[PlyCount "147"]
[EventDate "2015.10.03"]
[EventType "team-tourn"]
[EventRounds "9"]
[EventCountry "CRO"]
[SourceTitle "CBM 168 Extra"]
[Source "ChessBase"]
[SourceDate "2015.10.29"]
[SourceVersion "1"]
[SourceVersionDate "2015.10.29"]
[SourceQuality "1"]
[WhiteTeam "Pozega"]
[BlackTeam "Osijek EFT"]
[WhiteTeamCountry "CRO"]
[BlackTeamCountry "CRO"]

1. e4 d6 2. d4 g6 3. Nc3 Bg7 4. f4 Nf6 5. Nf3 0-0 6. e5 Nfd7 7. Qe2 Nb6 8. Be3 dxe5 9. Nxe5 N8d7 10. Nxd7 Bxd7 11. Qf2 Bf5 12. 0-0-0 c6 13. Be2 Nd5 14. Nxd5 cxd5 15. Bd3 Qd7 16. Bxf5 Qxf5 17. Qe2 Rac8 18. Qd3 Qxd3 19. Rxd3 Rc4 20. Kb1 Rfc8 21. c3 R4c6 22. Bd2 Bf6 23. Rd1 Kg7 24. g3 Re6 25. Re3 Rcc6 26. Rde1 Rxe3 27. Bxe3 Re6 28. Kc2 h5 29. Kd3 Rd6 30. a3 Rd8 31. Re2 e6 32. Bc1 Be7 33. b4 Rc8 34. h3 Rc6 35. Rg2 Bd6 36. Be3 a5 37. Rc2 Rc4 38. Rb2 a4 39. Rg2 Rc8 40. Bd2 f6 41. Re2 Kf7 42. Be3 b5 43. Rf2 Kg7 44. Rf3 Rf8 45. Bd2 Re8 46. Be3 Re7 47. Rf1 Rf7 48. Ke2 Kf8 49. Rf3 Rc7 50. Kd3 Kg7 51. Bf2 Rc4 52. Be3 e5 53. Rf1 exf4 54. gxf4 Rc7 55. Rf2 Kf7 56. Bd2 Re7 57. Be3 Re4 58. Ke2 Ke6 59. f5+ gxf5 60. Kf3 Bg3 61. Rf1 f4 62. Bd2 Kf5 63. Rg1 Re8 64. Rf1 Re7 65. Rg1 Re4 66. Rf1 Kg5 67. Rc1 Re8 68. Rf1 Kf5 69. Rg1 Rg8 70. Bxf4 h4 71. Bxg3 hxg3 72. Rg2 Rh8 73. Kxg3 Re8 74. Kf2 1/2-1/2

[Event "Bosnjaci op 20th"]
[Site "Bosnjaci"]
[Date "2015.01.07"]
[Round "7"]
[White "Ascic, Pero"]
[Black "Trbojevic, Mladen"]
[Result "1/2-1/2"]
[WhiteElo "2275"]
[BlackElo "2417"]
[PlyCount "76"]
[EventDate "2015.01.03"]
[EventType "swiss"]
[EventRounds "9"]
[EventCountry "CRO"]
[SourceTitle "CBM 164 Extra"]
[Source "ChessBase"]
[SourceDate "2015.03.02"]
[SourceVersion "1"]
[SourceVersionDate "2015.03.02"]
[SourceQuality "1"]

1. e4 e5 2. Nf3 Nc6 3. Bb5 a6 4. Ba4 Nge7 5. 0-0 g6 6. Bxc6 Nxc6 7. d4 exd4 8. Bg5 f6 9. Bh4 Bg7 10. Nxd4 0-0 11. Nc3 d6 12. Nce2 Qe8 13. f3 Bd7 14. Bf2 Ne5 15. c3 Qf7 16. b3 Rad8 17. Qd2 b5 18. Rad1 c5 19. Nc2 Bc6 20. Nf4 f5 21. Nd5 Bxd5 22. Qxd5 Qxd5 23. Rxd5 fxe4 24. Bh4 Rde8 25. fxe4 Rxf1+ 26. Kxf1 Rf8+ 27. Ke2 Rf4 28. Be7 Rxe4+ 29. Kd1 Ng4 30. Bxd6 Nf2+ 31. Kc1 c4 32. bxc4 bxc4 33. Bc5 Nd3+ 34. Kd2 Nxc5 35. Rxc5 Bh6+ 36. Kd1 Bg7 37. Kd2 Bh6+ 38. Kd1 Bg7 1/2-1/2

[Event "Bosnjaci op 20th"]
[Site "Bosnjaci"]
[Date "2015.01.04"]
[Round "3"]
[White "Ascic, Pero"]
[Black "Zaja, Ivan"]
[Result "0-1"]
[WhiteElo "2275"]
[BlackElo "2480"]
[PlyCount "144"]
[EventDate "2015.01.03"]
[EventType "swiss"]
[EventRounds "9"]
[EventCountry "CRO"]
[SourceTitle "CBM 164 Extra"]
[Source "ChessBase"]
[SourceDate "2015.03.02"]
[SourceVersion "1"]
[SourceVersionDate "2015.03.02"]
[SourceQuality "1"]

1. e4 c5 2. Nf3 e6 3. d4 cxd4 4. Nxd4 Bb4+ 5. Nd2 Ne7 6. a3 Bc5 7. N4b3 Bb6 8. Nc4 0-0 9. Nxb6 Qxb6 10. Be3 Qc6 11. Bd3 e5 12. 0-0 d6 13. Qe2 Nd7 14. f3 a6 15. Rfd1 Ng6 16. Rac1 b6 17. Bc4 Nf6 18. Qf1 h6 19. Rd2 Rd8 20. Bd5 Nxd5 21. exd5 Qb7 22. c4 a5 23. Rc3 Bd7 24. Qf2 Rab8 25. h3 Ne7 26. Kh2 a4 27. Nc1 b5 28. Na2 bxc4 29. Nb4 Bb5 30. g4 Ng6 31. f4 exf4 32. Bxf4 Qd7 33. Re2 Re8 34. Bg3 Rxe2 35. Qxe2 Re8 36. Re3 Ne5 37. Bxe5 dxe5 38. Qf2 Qd6 39. Re4 g6 40. h4 Bd7 41. Qg3 Qc5 42. Kg2 f6 43. Qc3 Bb5 44. g5 Qd6 45. gxf6 Qxf6 46. Qf3 Qf5 47. Rg4 Kf7 48. h5 Qxf3+ 49. Kxf3 gxh5 50. Rg1 Rg8 51. Rh1 Rg5 52. Rh4 Ke7 53. Nc2 Kd6 54. Ne3 Kc5 55. Kf2 Ba6 56. Re4 Kd6 57. Rh4 Bb5 58. Kf3 Kc5 59. Kf2 Rg6 60. Re4 Rf6+ 61. Kg3 Kd6 62. Rh4 Ba6 63. Rxh5 e4 64. Kg2 Kc5 65. Ng4 Rg6 66. d6+ Kc6 67. Kg3 Bc8 68. d7 Bxd7 69. Rxh6 Rxh6 70. Nxh6 Be6 71. Kf4 Kd5 72. Ke3 Ke5 0-1

[Event "CRO-chT1A"]
[Site "Bol"]
[Date "2014.10.11"]
[Round "8.2"]
[White "Ascic, Pero"]
[Black "Sertic, Rudolf"]
[Result "1-0"]
[WhiteElo "2292"]
[BlackElo "2345"]
[PlyCount "93"]
[EventDate "2014.10.04"]
[EventType "team-tourn"]
[EventRounds "9"]
[EventCountry "CRO"]
[SourceTitle "CBM 162 Extra"]
[Source "ChessBase"]
[SourceDate "2014.10.17"]
[SourceVersion "1"]
[SourceVersionDate "2014.10.17"]
[SourceQuality "1"]
[WhiteTeam "Pozega"]
[BlackTeam "Djakovo"]
[WhiteTeamCountry "CRO"]
[BlackTeamCountry "CRO"]

1. e4 c5 2. Nf3 a6 3. d4 cxd4 4. Nxd4 Nf6 5. Nc3 e5 6. Nde2 Bc5 7. f3 Qb6 8. Qd3 Bf2+ 9. Kd1 h6 10. g4 d6 11. Bd2 Be6 12. b3 Nbd7 13. Na4 Qc7 14. c4 Nc5 15. Nxc5 dxc5 16. Nc3 Bd4 17. Rc1 Bxc3 18. Rxc3 0-0 19. Qc2 Rfd8 20. Kc1 Nd7 21. Be3 b6 22. Be2 Nb8 23. Rd3 Nc6 24. Rxd8+ Rxd8 25. Kb2 a5 26. a4 Nd4 27. Bxd4 cxd4 28. Bd3 Qd6 29. Qd2 Rc8 30. h4 b5 31. axb5 a4 32. bxa4 Bxc4 33. Rc1 Be6 34. Rxc8+ Bxc8 35. Bc4 Qc5 36. Kb3 Qe7 37. g5 hxg5 38. hxg5 g6 39. a5 Be6 40. b6 Bxc4+ 41. Kxc4 Qd7 42. Qb4 d3 43. b7 d2 44. b8Q+ Kh7 45. Qxe5 Qc6+ 46. Qbc5 Qa4+ 47. Kc3 1-0